[Event "Rottach Egern Seniors Cup 12th"]
[Site "Rottach Egern"]
[Date "2024.04.08"]
[Round "3"]
[White "Prause, Dieter"]
[Black "Ernst, Michael"]
[Result "0-1"]
[WhiteElo "1877"]
[BlackElo "2112"]
[PlyCount "72"]
[EventDate "2024.04.06"]
[EventType "swiss"]
[EventRounds "9"]
[EventCountry "GER"]
[SourceTitle "CB16_2024"]
[SourceDate "2024.04.17"]
[SourceVersion "1"]
[SourceVersionDate "2024.04.17"]
[SourceQuality "1"]

1. e4 e6 2. d4 d5 3. e5 c5 4. c3 Qb6 5. Nf3 Nc6 6. Qb3 Qxb3 7. axb3 cxd4 8. cxd4 Bd7 9. Be2 a6 10. Bd2 Nb4 11. 0-0 Rc8 12. Na3 Nh6 13. Rfc1 Be7 14. Rxc8+ Bxc8 15. Rc1 Kd8 16. Nc2 Nc6 17. b4 Bd7 18. b5 axb5 19. Bxb5 Rf8 20. Bxc6 Bxc6 21. Ng5 Bxg5 22. Bxg5+ Kd7 23. Bxh6 gxh6 24. Nb4 Bb5 25. Rc5 Ra8 26. g3 Bc4 27. b3 Bxb3 28. Rc3 Bc4 29. Nc2 b5 30. f4 Ra4 31. Ne3 b4 32. Rc1 b3 33. Rb1 Ra2 34. g4 b2 35. Nd1 Ra1 36. Nc3 Bd3 0-1

[Event "Rottach Egern Seniors Cup 12th"]
[Site "Rottach Egern"]
[Date "2024.04.06"]
[Round "1"]
[White "Schatz, Christian"]
[Black "Prause, Dieter"]
[Result "1-0"]
[WhiteElo "2158"]
[BlackElo "1877"]
[PlyCount "65"]
[EventDate "2024.04.06"]
[EventType "swiss"]
[EventRounds "9"]
[EventCountry "GER"]
[SourceTitle "CB16_2024"]
[SourceDate "2024.04.17"]
[SourceVersion "1"]
[SourceVersionDate "2024.04.17"]
[SourceQuality "1"]

1. Nf3 d5 2. d4 Nf6 3. c4 c6 4. Qc2 g6 5. Bf4 Bg7 6. e3 0-0 7. Nc3 Na6 8. Be2 Nb4 9. Qd2 dxc4 10. Bxc4 Nbd5 11. Be5 e6 12. 0-0 Nxc3 13. Qxc3 Nd5 14. Qc2 Bxe5 15. Nxe5 Qe7 16. Rac1 f6 17. Nf3 Bd7 18. e4 Nb6 19. Bb3 Rac8 20. Rfe1 Kg7 21. Qc3 a6 22. Qa5 Na8 23. Rc3 Qd8 24. Qc5 b6 25. Qd6 Qc7 26. Qe7+ Rf7 27. Qa3 a5 28. d5 exd5 29. exd5 Qb7 30. dxc6 Bxc6 31. Bxf7 Bxf3 32. Re7 Rxc3 33. Qxc3 1-0

[Event "GER-ch Seniors 65 31st"]
[Site "Radebeul"]
[Date "2019.04.30"]
[Round "5"]
[White "Prause, Dieter"]
[Black "Orlova, Liubov"]
[Result "0-1"]
[WhiteElo "1760"]
[BlackElo "1988"]
[PlyCount "48"]
[EventDate "2019.04.26"]
[EventType "swiss"]
[EventRounds "9"]
[EventCountry "GER"]
[SourceTitle "CBM 190 Extra"]
[Source "ChessBase"]
[SourceDate "2019.07.15"]
[SourceVersion "1"]
[SourceVersionDate "2019.07.15"]
[SourceQuality "1"]

1. c4 Nf6 2. Nc3 d5 3. cxd5 Nxd5 4. Nf3 g6 5. g3 Bg7 6. Bg2 c6 7. 0-0 0-0 8. Qb3 Nb6 9. Rd1 Be6 10. Qc2 Na6 11. a3 Nc5 12. b4 Bb3 13. Qb1 Bxd1 14. bxc5 Na4 15. Bb2 Nxb2 16. Qxb2 Bxe2 17. Qxb7 Bxf3 18. Bxf3 Qxd2 19. Ne4 Qd3 20. Ng5 Bxa1 21. Bxc6 Rab8 22. Qxe7 Rb1+ 23. Kg2 Qf1+ 24. Kf3 Qh1+ 0-1

[Event "Schleswig Holstein-ch Seniors op 11th"]
[Site "Buesum"]
[Date "2017.09.14"]
[Round "7"]
[White "Gehrmann, Dorit"]
[Black "Prause, Dieter"]
[Result "1-0"]
[WhiteElo "1920"]
[BlackElo "1793"]
[PlyCount "95"]
[EventDate "2017.09.08"]
[EventType "swiss"]
[EventRounds "9"]
[EventCountry "GER"]
[SourceTitle "EXT 2019"]
[Source "ChessBase"]
[SourceDate "2018.10.10"]
[SourceVersion "1"]
[SourceVersionDate "2018.10.10"]
[SourceQuality "1"]

1. e4 d5 2. exd5 Qxd5 3. Nc3 Qa5 4. Bc4 Nf6 5. d4 Bf5 6. Nf3 c6 7. Bf4 Nbd7 8. 0-0 e6 9. a3 Be7 10. b4 Qd8 11. Ne2 0-0 12. Ng3 Bg4 13. h3 Bxf3 14. Qxf3 Nd5 15. Bb3 b5 16. Ne2 Nxf4 17. Nxf4 Rc8 18. Rfd1 Nf6 19. Qd3 Nd5 20. Nxd5 exd5 21. c3 Qd6 22. a4 a6 23. Re1 Rfe8 24. Bc2 g6 25. g3 Bf6 26. Kg2 Re6 27. Rxe6 Qxe6 28. axb5 cxb5 29. Bd1 Rc6 30. Bf3 Rc4 31. h4 Qc6 32. Ra3 Qd6 33. Qe3 Rc8 34. Kf1 Qc6 35. Qf4 Re8 36. Qd2 h5 37. Qa2 Rd8 38. Rxa6 Qxc3 39. Rxf6 Qxd4 40. Rf4 Qe5 41. Qe2 Qd6 42. Qxb5 Rb8 43. Qxd5 Qxd5 44. Bxd5 Rf8 45. b5 Kg7 46. b6 f5 47. b7 Kf6 48. Rc4 1-0

[Event "Schleswig Holstein-ch Seniors op 10th"]
[Site "Buesum"]
[Date "2016.09.30"]
[Round "5"]
[White "Schumacher, Helmut"]
[Black "Prause, Dieter"]
[Result "1-0"]
[WhiteElo "1935"]
[BlackElo "1806"]
[PlyCount "89"]
[EventDate "2016.09.26"]
[EventType "swiss"]
[EventRounds "9"]
[EventCountry "GER"]
[SourceTitle "EXT 2019"]
[Source "ChessBase"]
[SourceDate "2018.10.10"]
[SourceVersion "1"]
[SourceVersionDate "2018.10.10"]
[SourceQuality "1"]

1. d4 d5 2. Nc3 c6 3. e4 dxe4 4. Nxe4 Nf6 5. Nxf6+ exf6 6. c3 Bd6 7. Bd3 0-0 8. Ne2 Bg4 9. 0-0 Qc7 10. h3 Bxe2 11. Qxe2 Nd7 12. Be3 Rfe8 13. Qc2 g6 14. Rae1 Bf4 15. Qd2 Bxe3 16. Rxe3 Nf8 17. Rfe1 Qd7 18. Bc4 Rxe3 19. Qxe3 Ne6 20. Bxe6 Qxe6 21. Qxe6 fxe6 22. Rxe6 Kf7 23. Re3 Rd8 24. Kf1 Rd5 25. Ke2 b5 26. b4 h5 27. Kd3 Rd7 28. c4 bxc4+ 29. Kxc4 Rd5 30. Ra3 Rd7 31. Ra6 Rc7 32. Kc5 Re7 33. Rxc6 Rd7 34. d5 Ke7 35. b5 g5 36. a4 h4 37. a5 Kf7 38. b6 Ke7 39. Rc7 Rxc7+ 40. bxc7 Kd7 41. d6 f5 42. Kd4 g4 43. Ke3 a6 44. Kf4 gxh3 45. gxh3 1-0

[Event "Schleswig Holstein-ch Seniors op 10th"]
[Site "Buesum"]
[Date "2016.09.27"]
[Round "2"]
[White "Prause, Dieter"]
[Black "Graffenberger, Marianne"]
[Result "1-0"]
[WhiteElo "1806"]
[BlackElo "1464"]
[PlyCount "61"]
[EventDate "2016.09.26"]
[EventType "swiss"]
[EventRounds "9"]
[EventCountry "GER"]
[SourceTitle "EXT 2019"]
[Source "ChessBase"]
[SourceDate "2018.10.10"]
[SourceVersion "1"]
[SourceVersionDate "2018.10.10"]
[SourceQuality "1"]

1. d4 d5 2. c4 Nf6 3. e3 c6 4. Nc3 e6 5. Nf3 Be7 6. Bd3 0-0 7. Qc2 Nbd7 8. Ne5 c5 9. cxd5 cxd4 10. exd4 Bb4 11. dxe6 fxe6 12. a3 Ba5 13. 0-0 Bc7 14. Re1 Bb6 15. Be3 Bc7 16. f4 b6 17. Rac1 Bb7 18. Nb5 Ba6 19. Nxc7 Bxd3 20. Qxd3 Qe7 21. Nxa8 Rxa8 22. Rc2 Nxe5 23. fxe5 Nd5 24. Rec1 Rf8 25. Rc8 Qd7 26. Rxf8+ Kxf8 27. Bd2 Kg8 28. Qc4 Kf7 29. Qc8 Qe7 30. Rf1+ Kg6 31. Qc2+ 1-0

[Event "Schleswig Holstein-ch Seniors op 10th"]
[Site "Buesum"]
[Date "2016.09.26"]
[Round "1"]
[White "Pfitzer, Norbert"]
[Black "Prause, Dieter"]
[Result "1-0"]
[WhiteElo "2078"]
[BlackElo "1806"]
[PlyCount "113"]
[EventDate "2016.09.26"]
[EventType "swiss"]
[EventRounds "9"]
[EventCountry "GER"]
[SourceTitle "EXT 2019"]
[Source "ChessBase"]
[SourceDate "2018.10.10"]
[SourceVersion "1"]
[SourceVersionDate "2018.10.10"]
[SourceQuality "1"]

1. Nf3 Nf6 2. d4 d5 3. g3 c6 4. Bg2 e6 5. c4 Be7 6. Nc3 Nbd7 7. a4 0-0 8. 0-0 Re8 9. Qc2 Bf8 10. cxd5 exd5 11. Bf4 Nh5 12. Ng5 g6 13. Bd2 Qf6 14. Nf3 Nb6 15. Ne5 Nc4 16. Nxc4 dxc4 17. d5 Bf5 18. e4 Bd7 19. Be3 Qd8 20. a5 Nf6 21. Rfd1 Qc8 22. Bd4 Bg7 23. f4 cxd5 24. e5 Bf5 25. Qc1 Ne4 26. Nxd5 Qc6 27. Nc3 Red8 28. g4 Nxc3 29. Bxc6 Ne2+ 30. Kf2 Nxc1 31. gxf5 bxc6 32. Raxc1 gxf5 33. Rxc4 Rd5 34. Rdc1 Rad8 35. Bxa7 Rxa5 36. Bb6 Rd2+ 37. Kf1 Rad5 38. Rxc6 Rd1+ 39. Rxd1 Rxd1+ 40. Kf2 Bf8 41. Rc2 Bh6 42. Be3 Bf8 43. Ke2 Rh1 44. Kd3 Rd1+ 45. Kc4 Rd8 46. b4 Rc8+ 47. Bc5 Bh6 48. Rg2+ Kh8 49. Rf2 Bf8 50. Kd5 Ra8 51. Bd6 Be7 52. b5 Bh4 53. Rg2 Be1 54. b6 Ba5 55. Kc6 Bxb6 56. Kxb6 f6 57. Be7 1-0

[Event "Hessen-ch Seniors op 12th"]
[Site "Bad Sooden-Allendorf"]
[Date "2016.05.03"]
[Round "4"]
[White "Prause, Dieter"]
[Black "Schumacher, Ursula"]
[Result "1-0"]
[WhiteElo "1772"]
[BlackElo "1582"]
[PlyCount "73"]
[EventDate "2016.04.30"]
[EventType "swiss"]
[EventRounds "9"]
[EventCountry "GER"]
[SourceTitle "EXT 2019"]
[Source "ChessBase"]
[SourceDate "2018.10.10"]
[SourceVersion "1"]
[SourceVersionDate "2018.10.10"]
[SourceQuality "1"]

1. d4 c6 2. Nf3 d5 3. e3 Bf5 4. Bd3 Bxd3 5. Qxd3 e6 6. Nbd2 Nd7 7. 0-0 Ne7 8. e4 dxe4 9. Nxe4 Ng6 10. Nfg5 Be7 11. Qf3 0-0 12. Qh5 h6 13. Nxe6 fxe6 14. Qxg6 Nf6 15. Bxh6 Rf7 16. Nxf6+ Bxf6 17. c3 Qd5 18. Rfe1 Qf5 19. Qxf5 exf5 20. Bf4 Rd8 21. Re6 Kf8 22. Rae1 Be7 23. Kf1 g5 24. Rxe7 gxf4 25. Rxf7+ Kxf7 26. Re5 Kf6 27. Ke2 Rg8 28. Kf3 b6 29. a4 a6 30. b4 c5 31. bxc5 bxc5 32. Rxc5 Kg5 33. h4+ Kxh4 34. Rxf5 Rc8 35. Rc5 Rg8 36. a5 Rb8 37. g3+ 1-0

[Event "GER-chB Seniors 27th"]
[Site "Magdeburg"]
[Date "2015.08.16"]
[Round "2"]
[White "Kienel, Norbert"]
[Black "Prause, Dieter"]
[Result "1/2-1/2"]
[WhiteElo "1924"]
[BlackElo "1807"]
[PlyCount "139"]
[EventDate "2015.08.15"]
[EventType "swiss"]
[EventRounds "9"]
[EventCountry "GER"]
[SourceTitle "EXT 2018"]
[Source "ChessBase"]
[SourceDate "2017.10.13"]
[SourceVersion "1"]
[SourceVersionDate "2017.10.13"]
[SourceQuality "1"]

1. d4 Nf6 2. c4 e6 3. Nc3 d5 4. Nf3 Be7 5. Bf4 0-0 6. e3 Nbd7 7. Bd3 c6 8. 0-0 dxc4 9. Bxc4 Nh5 10. Bg3 Nxg3 11. fxg3 Bf6 12. Qc2 Re8 13. Rad1 Qc7 14. Ne4 Be7 15. Nfg5 Bxg5 16. Nxg5 Nf6 17. Rxf6 gxf6 18. Qxh7+ Kf8 19. Ne4 b5 20. Qh8+ Ke7 21. Qxf6+ Kf8 22. Bb3 Qd8 23. Qh6+ Ke7 24. Rf1 Rf8 25. Qg5+ Kd7 26. Qg7 Qe7 27. Ng5 Ke8 28. Nh7 f5 29. Qg6+ Qf7 30. Nxf8 Kxf8 31. Qh6+ Qg7 32. Qf4 Ke8 33. Qd6 Qd7 34. Qe5 Kd8 35. g4 Qe7 36. gxf5 exf5 37. Qf4 Be6 38. Bxe6 Qxe6 39. Qg5+ Kd7 40. Qxf5 Re8 41. Qxe6+ Kxe6 42. Rf3 Kd5 43. Kf2 a5 44. Rf5+ Ke4 45. g4 Kd3 46. Re5 Rf8+ 47. Kg3 Kc2 48. Rc5+ Kxb2 49. Rxc6 Kxa2 50. Rc5 Rb8 51. d5 a4 52. d6 b4 53. e4 b3 54. e5 b2 55. Rc2 Kb3 56. Rxb2+ Kxb2 57. e6 a3 58. e7 a2 59. d7 a1Q 60. e8Q Qg1+ 61. Kh3 Rb3+ 62. Kh4 Qxh2+ 63. Kg5 Rb5+ 64. Kg6 Qd6+ 65. Kh7 Qd3+ 66. Qg6 Qxg6+ 67. Kxg6 Rd5 68. g5 Rxd7 69. Kh6 Kc3 70. g6 1/2-1/2

[Event "Hessen-ch Seniors op 11th"]
[Site "Bad Sooden-Allendorf"]
[Date "2015.05.17"]
[Round "9"]
[White "Perk, Egbert"]
[Black "Prause, Dieter"]
[Result "1/2-1/2"]
[WhiteElo "1918"]
[BlackElo "1873"]
[PlyCount "65"]
[EventDate "2015.05.09"]
[EventType "swiss"]
[EventRounds "9"]
[EventCountry "GER"]
[SourceTitle "EXT 2018"]
[Source "ChessBase"]
[SourceDate "2017.10.13"]
[SourceVersion "1"]
[SourceVersionDate "2017.10.13"]
[SourceQuality "1"]

1. Nf3 d5 2. c4 c6 3. cxd5 Qxd5 4. Nc3 Qd8 5. d4 Nf6 6. e4 Bg4 7. Be2 e6 8. 0-0 Be7 9. Be3 0-0 10. h3 Bh5 11. Qb3 Qc7 12. Rac1 Bg6 13. Nd2 Rd8 14. Bf3 Nbd7 15. e5 Ne8 16. Nce4 Nb6 17. Nc5 Bxc5 18. Rxc5 Nd7 19. Rcc1 Nb6 20. Ne4 Nd5 21. Bg5 Rdc8 22. Nc3 Qb6 23. Nxd5 exd5 24. Qc3 h6 25. Be7 Nc7 26. Rfd1 Ne6 27. b3 Re8 28. Bd6 Rad8 29. Rd2 Ng5 30. Re2 Nxf3+ 31. Qxf3 Qxd4 32. Bc5 Qh4 33. Bxa7 1/2-1/2

[Event "Hessen-ch Seniors op 11th"]
[Site "Bad Sooden-Allendorf"]
[Date "2015.05.11"]
[Round "3"]
[White "Smits, Oswald"]
[Black "Prause, Dieter"]
[Result "1-0"]
[WhiteElo "1851"]
[BlackElo "1873"]
[PlyCount "77"]
[EventDate "2015.05.09"]
[EventType "swiss"]
[EventRounds "9"]
[EventCountry "GER"]
[SourceTitle "EXT 2018"]
[Source "ChessBase"]
[SourceDate "2017.10.13"]
[SourceVersion "1"]
[SourceVersionDate "2017.10.13"]
[SourceQuality "1"]

1. d4 d5 2. Nf3 Nf6 3. e3 Bg4 4. Nbd2 e6 5. c4 c6 6. Qb3 Qc7 7. Ne5 Bd6 8. h3 Bh5 9. f4 Bg6 10. Ndf3 Ne4 11. g4 Ng3 12. Rg1 Nxf1 13. Rxf1 Be4 14. Ng5 Bxe5 15. fxe5 dxc4 16. Qxc4 Bd5 17. Qd3 Qe7 18. e4 h6 19. exd5 hxg5 20. d6 Qd8 21. Qf3 0-0 22. Bd2 Nd7 23. Qe3 f6 24. exf6 Rxf6 25. Ke2 Qf8 26. Rxf6 Qxf6 27. Rf1 Qg6 28. Qxg5 Qxg5 29. Bxg5 Rf8 30. Bf4 c5 31. dxc5 Nxc5 32. Be3 b6 33. Rxf8+ Kxf8 34. Bxc5 bxc5 35. Ke3 Ke8 36. Ke4 Kd7 37. Ke5 g5 38. b3 a6 39. a3 1-0

[Event "Hessen-ch Seniors op 11th"]
[Site "Bad Sooden-Allendorf"]
[Date "2015.05.10"]
[Round "2"]
[White "Prause, Dieter"]
[Black "Schwetje, Siegfried"]
[Result "1/2-1/2"]
[WhiteElo "1873"]
[BlackElo "1906"]
[PlyCount "97"]
[EventDate "2015.05.09"]
[EventType "swiss"]
[EventRounds "9"]
[EventCountry "GER"]
[SourceTitle "EXT 2018"]
[Source "ChessBase"]
[SourceDate "2017.10.13"]
[SourceVersion "1"]
[SourceVersionDate "2017.10.13"]
[SourceQuality "1"]

1. d4 d5 2. c4 c6 3. Nf3 Nf6 4. e3 Bg4 5. cxd5 cxd5 6. Qa4+ Bd7 7. Qb3 Qc7 8. Nc3 e6 9. Ne5 a6 10. g3 Bd6 11. Nxd7 Nbxd7 12. Bg2 0-0 13. 0-0 Rfc8 14. Bd2 b5 15. Rac1 Qb8 16. Nb1 Ra7 17. Rxc8+ Qxc8 18. Rc1 Rc7 19. Rxc7 Qxc7 20. Qc3 Qb7 21. b3 b4 22. Qc2 g6 23. Bc1 Kg7 24. Nd2 Qc7 25. Qxc7 Bxc7 26. e4 dxe4 27. Nxe4 Bb6 28. Nxf6 Nxf6 29. a3 bxa3 30. Bxa3 Bxd4 31. b4 Nd5 32. Bf1 Nc7 33. Kg2 Kf6 34. f4 e5 35. fxe5+ Kxe5 36. Bc4 f6 37. Kf3 Nb5 38. Bc1 g5 39. h4 h6 40. hxg5 hxg5 41. Bd2 Bb2 42. Be3 Ba3 43. Bc5 Nc7 44. Bb6 Nd5 45. Ba5 Bxb4 46. Bxd5 Bxa5 47. Bc4 f5 48. g4 Bd2 49. Bxa6 1/2-1/2

[Event "GER-chB Seniors 26th"]
[Site "Bad Neuenahr"]
[Date "2014.08.07"]
[Round "3"]
[White "Drews, Horst"]
[Black "Prause, Dieter"]
[Result "0-1"]
[WhiteElo "1627"]
[BlackElo "1439"]
[PlyCount "46"]
[EventDate "2014.08.05"]
[EventType "swiss"]
[EventRounds "9"]
[EventCountry "GER"]
[SourceTitle "EXT 2018"]
[Source "ChessBase"]
[SourceDate "2017.10.13"]
[SourceVersion "1"]
[SourceVersionDate "2017.10.13"]
[SourceQuality "1"]

1. e4 d5 2. exd5 Qxd5 3. Nc3 Qa5 4. d4 Nf6 5. Bd2 c6 6. Be2 Qb6 7. Bc1 Bf5 8. Nf3 e6 9. 0-0 h6 10. h3 Bd6 11. Ne5 0-0 12. Bf4 Qc7 13. Bd3 Bxd3 14. Qxd3 Nbd7 15. Qg3 Nh5 16. Qf3 Nxf4 17. Nxd7 Qxd7 18. Ne4 Rad8 19. Rae1 Ng6 20. Nf6+ gxf6 21. Qh5 Kh7 22. g4 Be7 23. Re4 Qd5 0-1

[Event "GER-chB Seniors 26th"]
[Site "Bad Neuenahr"]
[Date "2014.08.06"]
[Round "2"]
[White "Prause, Dieter"]
[Black "Leisen, Peter"]
[Result "1/2-1/2"]
[WhiteElo "1439"]
[BlackElo "1936"]
[PlyCount "70"]
[EventDate "2014.08.05"]
[EventType "swiss"]
[EventRounds "9"]
[EventCountry "GER"]
[SourceTitle "EXT 2018"]
[Source "ChessBase"]
[SourceDate "2017.10.13"]
[SourceVersion "1"]
[SourceVersionDate "2017.10.13"]
[SourceQuality "1"]

1. d4 Nf6 2. c4 e6 3. Nf3 Bb4+ 4. Bd2 Bxd2+ 5. Nbxd2 d5 6. e3 b6 7. Be2 0-0 8. 0-0 Nbd7 9. cxd5 exd5 10. Rc1 c5 11. Bd3 Bb7 12. b3 Ne4 13. Qc2 f5 14. Nb1 Rc8 15. Qb2 Rc6 16. Bb5 Rg6 17. Bxd7 Qxd7 18. Ne5 Qe7 19. Nxg6 hxg6 20. f3 Ng5 21. Qd2 Ne6 22. Rfe1 Qf6 23. dxc5 bxc5 24. Nc3 d4 25. exd4 Nxd4 26. Na4 Bxf3 27. Nxc5 Rd8 28. Qe3 Bh5 29. Qe5 Qxe5 30. Rxe5 Ne2+ 31. Rxe2 Bxe2 32. Rc2 Bd1 33. Rc3 Bh5 34. Rd3 Re8 35. Rd2 g5 1/2-1/2